| 000 | 00414nam a2200145 a 4500 | ||
|---|---|---|---|
| 001 | 000032038 | ||
| 005 | 20200930063358.0 | ||
| 008 | 110712s1983 dr 000 0 spa d | ||
| 040 |
_aDO-SdBNP _bspa _cBNPHU |
||
| 082 |
_axxxx _bP124b |
||
| 245 | 0 | 3 |
_aEl Padre Billini : _beducador y sus relaciones con la LoterĂa Nacional. |
| 260 |
_a[Santo Domingo : _bs.n., _c1983?]. |
||
| 300 |
_a16 p. ; _c21 cm. |
||
| 049 | _aBNPD | ||
| 999 |
_c31529 _d31529 |
||